The international story : An anthology with guidelines for reading and writing about fiction
This multicultural fiction anthology offers unabridged stories and detailed guidlelines for reading and writing critically about fiction. An anthology with guidlines for reading and writing about fiction.
Kaydedildi:
| Yazar: | |
|---|---|
| Materyal Türü: | Kitap |
| Dil: | Undetermined |
| Baskı/Yayın Bilgisi: |
New York, US
St. Martins Press
1994
|
| Konular: | |
| Etiketler: |
Etiketle
Etiket eklenmemiş, İlk siz ekleyin!
|
| Thư viện lưu trữ: | Trung tâm Học liệu Trường Đại học Cần Thơ |
|---|
| LEADER | 00975nam a2200217Ia 4500 | ||
|---|---|---|---|
| 001 | CTU_141483 | ||
| 008 | 210402s9999 xx 000 0 und d | ||
| 082 | |a 808.0427 | ||
| 082 | |b S732 | ||
| 100 | |a Spack, Ruth | ||
| 245 | 4 | |a The international story : | |
| 245 | 3 | |b An anthology with guidelines for reading and writing about fiction | |
| 245 | 0 | |c Ruth Spack | |
| 260 | |a New York, US | ||
| 260 | |b St. Martins Press | ||
| 260 | |c 1994 | ||
| 520 | |a This multicultural fiction anthology offers unabridged stories and detailed guidlelines for reading and writing critically about fiction. An anthology with guidlines for reading and writing about fiction. | ||
| 650 | |a English language,English language,Short stories,Report writing,Readers,Ngôn ngữ tiếng Anh,Ngôn ngữ tiếng Anh,Viết báo cáo,Truyện ngắn,Độc giả | ||
| 650 | |x Rhetoric | ||
| 904 | |i Trọng Hiếu | ||
| 980 | |a Trung tâm Học liệu Trường Đại học Cần Thơ | ||